Bandiere quasi identiche senza aiuto visivo - Statistics

Statistiche generali
  • Questo quiz è stato fatto 97 volte
  • Il punteggio medio è 15 su 21
Statistiche sulle risposte
Hint Risposta % Corretto
Nuova Zelanda Australia
86%
Paesi Bassi Lussemburgo
86%
Ecuador Colombia
85%
Slovenia Slovacchia
85%
Bahrein Qatar
83%
Monaco Indonesia
80%
Egitto Iraq
80%
Costa d'Avorio Irlanda
80%
El Salvador Nicaragua
80%
Ciad Romania
79%
Liechtenstein Haiti
74%
Malesia Liberia
74%
Mali Senegal
70%
Costa Rica Thailandia
68%
Emirati Arabi Uniti Kuwait
67%
Filippine Repubblica Ceca
67%
Giordania Sudan
65%
Andorra Moldavia
64%
India Niger
64%
Tagikistan Ungheria
62%
Italia Messico
48%
Nessun quiz corrispondente trovato
Distribuzione punteggi
Percentuale di utenti per punteggio
Percentile per numero di risposta
I tuoi punteggi nel tempo
Non hai fatto questo quiz